Objective type questions on farm machinery and power and general agriculture | According to ASRB-ARS/NET, ARS Syllabus, IARI Ph.D Entrance, GATE, SRF and JRF (Record no. 17383)
[ view plain ]
| 000 -LEADER | |
|---|---|
| fixed length control field | 00460nam a22001337a 4500 |
| 003 - CONTROL NUMBER IDENTIFIER | |
| control field | OSt |
| 008 - FIXED-LENGTH DATA ELEMENTS--GENERAL INFORMATION | |
| fixed length control field | 210806b ||||| |||| 00| 0 eng d |
| 020 ## - INTERNATIONAL STANDARD BOOK NUMBER | |
| ISBN | 9788194413707 |
| 082 ## - DEWEY DECIMAL CLASSIFICATION NUMBER | |
| Classification number | 631.3068 |
| Item number | VIJ/OB |
| 100 ## - MAIN ENTRY--AUTHOR NAME | |
| Personal name | Vijay Kumar |
| 245 ## - TITLE STATEMENT | |
| Title | Objective type questions on farm machinery and power and general agriculture |
| Remainder of title | According to ASRB-ARS/NET, ARS Syllabus, IARI Ph.D Entrance, GATE, SRF and JRF |
| 260 ## - PUBLICATION, DISTRIBUTION, ETC. (IMPRINT) | |
| Place of publication | New Delhi |
| Name of publisher | Jain Brothers |
| Year of publication | 2020 |
| 942 ## - ADDED ENTRY ELEMENTS (KOHA) | |
| Koha item type | Books |
| Withdrawn status | Lost status | Damaged status | Collection code | Home library | Current library | Shelving location | Date acquired | Source of acquisition | Cost, normal purchase price | Full call number | Accession Number | Koha item type |
|---|---|---|---|---|---|---|---|---|---|---|---|---|
| General Books | KAUAET | KAUAET | Scheme | 31/03/2021 | M/S TBS Books Calicut | 250.00 | 631.3068 VIJ/OB | BB 606 | Book Bank scheme for SC students | |||
| General Books | KAUAET | KAUAET | Scheme | 31/03/2021 | M/S TBS Books Calicut | 250.00 | 631.3068 VIJ/OB | BB 607 | Book Bank scheme for SC students |
